Datum a čas kvízu
21
Celkem bodů
Celkový počet nahraných bodů na tomto kvízu bez doplňovacích otázek.
6.
Pořadí na kvízu
Konečné umístění týmu na tomto kvízu.
Zaznamenané odpovědi
| # | Otázka | Odpověď | Body | Výsledky |
|---|---|---|---|---|
| 1. | Karlovu univerzitu poprvé v hi... | Milena Králíčková | 0 | |
| 2. | Jistá evropská metropole si zř... | Vídeň | 0 | |
| 3. | Minulý čtvrtek měl v českých k... | Duna | 1 | |
| 4. | Firma Apple opět vzbudila pozo... | Čisticí hadřík. | 1 | |
| 5. | Vyprodáno. Podle očekávání sle... | Seattle Kraken | 1 | |
| 6. | Toto téma začneme manželkami k... | 1A 2B 3C 4D | 0 | |
| 7. | Přesuneme se ke Králi popu. Ja... | The Jackson 5 | 1 | |
| 8. | Jak se nazývá klub, za který h... | West Ham United FC | 0 | |
| 9. | Mnoho deskových her využívá kr... | Shogi | 0 | |
| 10. | V roce 2021 streamovací platfo... | Král Šamanů (Shaman King) | 0 |